000 00576nam a2200181 4500
003 SEACOMEC
005 20241118152712.0
008 241118b |||||||| |||| 00| 0 eng d
020 _a978-0122205316
_c295.00
040 _aSEACOMEC
082 _a005.13
_bD674
100 _aMichael J. Donahoo
245 _aSQL: Practical Guide for Developers (The Practical Guides)
_c/ Michael J. Donahoo and Gregory D. Speegle
260 _aNew Delhi:
_bElsevier,
_c 2006
300 _a xiv, 249 p.; ill.: 24 cm.
440 _aThe Morgan Kaufmann practical guides series.
942 _cBOOK
999 _c1820
_d1820